L’année 2009 - Statistiques

Statistiques générales
  • Ce quiz a été pris 43 fois
  • Le résultat moyen est 11 sur 28
Statistiques - réponses
Hint Réponse % Correct
Quel chanteur connu pour ses tubes comme “Thriller” ou “Billie Jean” est mort cette année ? Michael Jackson
87%
Quel film réalisé par James Cameron est sorti cette année ? Avatar
77%
Suite au nouveau système d’immatriculation français, combien y’a t’il de caractères alphanumériques sur une plaque ? 7
72%
Dans quel État des USA est né Barack Obama, le nouveau président des États-unis ? Hawaï
69%
Quel pays a fait son retour dans l’OTAN, 43 ans après l’avoir quitté ? France
64%
Quel club de foot, a officialisé le transfert de Ronaldo pour 6 ans pour la somme de 94 millions d’euros ? Real Madrid
64%
Suite à la loi sur l’audiovisuel public, après quelle heure les chaînes de France Télévisions sont interdites de pubs ? 20 heures
62%
Quel film se déroulant en Inde a obtenu 8 récompenses à la 81ème cérémonie des Oscars dont celui du meilleur film ? Slumdog Millionaire
62%
Comment s’appelait l’allocation française qui a été supprimée pour la remplacer par le RSA ? RMI
59%
Quel virus a été responsable de la pandémie qui a duré plus d’un an et tué plus de 100 000 personnes ? Grippe A (H1N1)
49%
De quel pays, le président Marc Ravalomanana a démissionné suite aux pressions de l’armée et de l’opposition ? Madagascar
49%
Quel personnalité française a eu un malaise vagal pendant son jogging en juillet 2009 ? Nicolas Sarkozy
46%
Dans quelle pays a pris fin une guerre civile ayant débutée en 1983 contre les “Tigres tamouls” ? Sri Lanka
41%
Dans quel pays a eu lieu la fusillade de Winnenden dans un collège, faisant 15 morts ? Allemagne
38%
Qui a été condamné en appel à la réclusion criminelle à perpétuité pour le meurtre de Claude Érignac ? Yvan Colonna
36%
Qui a fait un concert gratuit au pied de la Tour Eiffel pour la fête nationale ? Johnny Hallyday
33%
Quelle chanteuse a lancé sa tournée mondiale « The Circus Starring », première tournée depuis 2004 ? Britney Spears
28%
Quel jeu vidéo est sorti cette année ? On a des personnages comme Renekton, Garen ou Urgot ? League of Legends
28%
Dans quelle ville d’Allemagne le bâtiment des archives municipales s’est effondré perdant des docs datant du XIV siècle ? Cologne
26%
Avec la Croatie, quel est l’autre pays qui a fait son entrée pour la première fois dans l’OTAN cette année ? Albanie
21%
Comment s’appelle le nouveau Premier ministre d’Israël ? Benyamin Netanyahou
21%
De quel pays, Omar el-Béchir est-il le président depuis 1989 ? La CPI a lancé un mandat d’arrêt pour crimes contre l’humanité cette année ? Soudan
21%
Comment s’appelle l’armée de l’État d’Israël qui s’est retiré de la bande de Gaza en début d’année ? Tsahal
21%
Dans quel pays s’est formé un orage supercelullaire dans la nuit du 25 mai au 26 mai 2009 ? Belgique
15%
De quel pays venait Eluana Englaro, dans un état végétatif depuis 17 ans jusqu’à son "euthanasie" causant une crise ? Italie
13%
Comment s’appelle la tempête qui a touché le sud de la France, l’Espagne, l’Italie causant la mort de 31 personnes ? Tempête Klaus
5%
Quelle historienne américaine spécialiste du génocide des Tutsi est morte suite au crash d’un avion sur une maison ? Alison Des Forges
0%
Comment s’appelle le télescope spatial lancé par la NASA en 2009 pour détecter des exoplanètes ? Kepler
0%
Aucun quiz correspondant
Distribution des résultats
% des personnes avec chaque résultat
Percentile par nombre de réponses
Votre historique - résultats
Vous n’avez pas pris ce quiz